ბათუმის შოთა რუსთაველის სახელმწიფო უნივერსიტეტის ბიბლიოთეკა

Охрана воздушной среды на химических и нефтехимических предприятиях (ბიბ.ჩანაწერი № 37318)

000 -LEADER
fixed length control field 00507nam a2200193Ia 4500
001 - CONTROL NUMBER
control field 3277
003 - CONTROL NUMBER IDENTIFIER
control field GE_BSU
008 - FIXED-LENGTH DATA ELEMENTS--GENERAL INFORMATION
fixed length control field 181216s||||||||xx |||||||||||||| ||und||
040 ## - CATALOGING SOURCE
Transcribing agency GE_BSU
080 ## - UNIVERSAL DECIMAL CLASSIFICATION NUMBER
Universal Decimal Classification number 66
100 ## - MAIN ENTRY--PERSONAL NAME
Personal name Эльтеман,В.М
245 ## - TITLE STATEMENT
Title Охрана воздушной среды на химических и нефтехимических предприятиях
260 ## - PUBLICATION, DISTRIBUTION, ETC.
Place of publication, distribution, etc. М
260 ## - PUBLICATION, DISTRIBUTION, ETC.
Name of publisher, distributor, etc. Химия
260 ## - PUBLICATION, DISTRIBUTION, ETC.
Date of publication, distribution, etc. 1985
300 ## - PHYSICAL DESCRIPTION
Extent 160 стр.
300 ## - PHYSICAL DESCRIPTION
Dimensions 21см.
942 ## - ADDED ENTRY ELEMENTS (KOHA)
Koha item type წიგნი
ეგზემპლარები
Withdrawn status Lost status Damaged status Not for loan Date acquired Barcode Date last seen Price effective from Koha item type
        2018-12-17 9420 2018-12-17 2018-12-17 წიგნი
        2018-12-17 9421 2018-12-17 2018-12-17 წიგნი